000 00455nam a2200181Ia 4500
005 20250423095441.0
008 250422s9999 xx 000 0 und d
020 _a9781613993286
050 _aTN 871 .L35/
100 _aLake, Larry W.
245 0 _aFundamentals of enhanced oil recovery
260 _aTexas
260 _bSociety of Petroleum Engineers
260 _c2014
300 _a479 p
650 _aSecondary recovery of oil.
942 _cBK
999 _c30313
_d30313